Kadim bir nefes (Record no. 807)

MARC details
000 -BAŞLIK
Sabit Uzunlukta Kontrol Alanı 00978na a2200325 4500
001 - KONTROL NUMARASI
Denetim Alanı 23053
003 - KONTROL NUMARASI IDENTIFIER
Denetim Alanı MIRAKIL
005 - SON İŞLEM TARİHİ VE ZAMANI
Denetim Alanı 20181213154802.0
008 - SABİT-BOY VERİ ELEMANLARI - GENEL BİLGİLER
Sabit Uzunlukta Kontrol Alanı 170518b tu 000 0
020 ## - ULUSLARARASI STANDART KİTAP NUMARASI
Uluslararası Standart Kitap Numarası 9786053993902
035 ## - SİSTEM KONTROL NUMARASI
Sistem Kontrol Numarası 23053
040 ## - KATALOGLAMA KAYNAK
Orijinal Kataloglama Ajansı Milas
Kataloglama Dili tur
Metne Dönüştürmek Ajansı TR-AnCHP
041 ## - DİL KODU
Metin / Ses Parça Veya Ayrı Başlığın Dil Kodu tur
082 ## - DEWEY ONLU SINIFLANDIRMA NUMARASI
Sınıflandırma Numarası 299.159
Ürün Numarası G74k 2015
090 ## - SINIFLAMA NUMARASI
Sınıflama Numarası 299.159 G74k 2015
100 ## - ANA GİRİŞ - KİŞİSEL İSİM
Kişisel Ad Gökçen, Amed
245 ## - BAŞLIK TABLOSU
Başlık Kadim bir nefes
Başlığın Kalan Ezidi ağıtları
Sorumluluk Tablosu, Vb Amed Gökçen
246 ## - UNVAN FORM VARYING
Başlık Doğru / Kısa Başlığı Ezidi ağıtları
260 ## - YAYIN, DAĞITIM, VB
Yayın, Dağıtım, Vb Yeri İstanbul
Yayıncı, Dağıtıcı, Vs Adı İstanbul Bilgi Üniversitesi
Yayın, Dağıtım, Vb Tarihi 2016
300 ## - FİZİKSEL TANIM
Kapsam 188 s.
Diğer Fiziksel Ayrıntıları fotğ.
Boyutlar 20 sm.
Eşlik Eden Malzeme 7 adet CD
440 ## - SERİSİ TABLOSU / KATMA GİRİŞİ - BAŞLIK
Başlık İstanbul Bilgi Üniversitesi yayınları
Hacim / Ardışık Tanımı 512
490 ## - SERİSİ TABLOSU
Seri Beyanı Tarih-Belge
Hacim / Ardışık Tanımı 6
650 ## - KONU KATMA GİRİŞ - TOPİKAL DÖNEM
Topikal Süreli Veya Coğrafi Ad Giriş Elemanı Yezidiler
Genel Alt Bölümü Orta Doğu
650 ## - KONU KATMA GİRİŞ - TOPİKAL DÖNEM
Topikal Süreli Veya Coğrafi Ad Giriş Elemanı Yezidiler
Genel Alt Bölümü Sosyal yaşam ve gelenekler
650 ## - KONU KATMA GİRİŞ - TOPİKAL DÖNEM
Topikal Süreli Veya Coğrafi Ad Giriş Elemanı Yezidiler
Genel Alt Bölümü Öğretiler
650 ## - KONU KATMA GİRİŞ - TOPİKAL DÖNEM
Topikal Süreli Veya Coğrafi Ad Giriş Elemanı Yezidiler
Genel Alt Bölümü Tarih
Kronolojik Alt Bölümü Kaynaklar
650 ## - KONU KATMA GİRİŞ - TOPİKAL DÖNEM
Topikal Süreli Veya Coğrafi Ad Giriş Elemanı Yezidiler
Genel Alt Bölümü Cenaze törenleri
Kronolojik Alt Bölümü Ağıtlar
740 ## - KATMA GİRİŞ - KONTROLSUZ İLGİLİ / ANALİTİK BAŞLIK
Kontrol Edilmeyen / İlgili Analitik Başlıktaki Ezidi ağıtları
942 ## - EKLENDİ GİRİŞ ELEMANLARI (KOHA)
Sınıflandırma Veya Raf Düzeni Kaynak Dewey Decimal Classification
Koha Öğesi Türü Books
999 ## - SİSTEM KONTROL NUMARALARI (KOHA)
Koha Biblionumber 807
Koha Biblioitemnumber 807
Holdings
Kalıcı Konum Mevcut Konum Edinme Tarihi Edinim Kaynak Toplam Check-Out'Lar Tam Çağrı Numarası Barkod Tarih Son Görülme İtibaren Geçerli Fiyatlar Koha Öğesi Türü
CHP Kütüphanesi CHP Kütüphanesi 05/16/2017 Bağış   299.159 G74k 2015 017018 05/16/2017 05/16/2017 Books